| 000 | 00589nam a22001697a 4500 | ||
|---|---|---|---|
| 008 | 140829b xxu||||| |||| 00| 0 eng d | ||
| 020 | _a8437611059 | ||
| 082 |
_a194 _bL991 |
||
| 100 |
_aLyotard, Jean-Francois _91418 |
||
| 245 |
_aPeregrinaciones _bLey, Forma, acontecimientos _c Lyotard, Jean Francois |
||
| 260 |
_aMadrid _bEditorial Catedra _c1992 |
||
| 300 |
_a160 p _bill. col _c18cm |
||
| 505 | _tPeregrinaciones, Ley, Forma, acontecimientos, Jean Francois Lyotard. | ||
| 650 |
_aFilosofia Marxista _xsocialismo _91467 |
||
| 655 |
_aFilososfia _91468 |
||
| 700 |
_aJean Francois Lyotard _91421 |
||
| 999 |
_c311 _d311 |
||